M:llä alkavat Suomen kunnat - Statistics

Yleistilastot
  • Tätä visaa on pelattu 3 969 kertaa
  • Keskiarvotulos 12 / 18
Vastaustilastot
Maakunta Kunta % Oikein
Lappi Muonio
88%
Etelä-Savo Mikkeli
86%
Ahvenanmaa Maarianhamina
83%
Uusimaa Mäntsälä
76%
Varsinais-Suomi Masku
76%
Keski-Suomi Muurame
74%
Varsinais-Suomi Mynämäki
70%
Satakunta Merikarvia
69%
Kymenlaakso Miehikkälä
69%
Pirkanmaa Mänttä-Vilppula
67%
Pohjanmaa Maalahti
66%
Pohjois-Pohjanmaa Muhos
65%
Etelä-Savo Mäntyharju
62%
Uusimaa Myrskylä
62%
Keski-Suomi Multia
60%
Pohjois-Pohjanmaa Merijärvi
59%
Varsinais-Suomi Marttila
56%
Pohjanmaa Mustasaari
56%
Ehtoja vastaavia visoja ei löytynyt
Tulosjakauma
Jokaisen tuloksen saaneiden osuus
Persentiili vastausten määrän mukaan
Tuloshistoriasi
Et ole pelannut tätä visaa